000 00489nam a2200169Ia 4500
008 240729s9999 xx 000 0 und d
022 _a2469-4053
245 0 _aLateral
260 _aUnited States
260 _bCultural Studies Association
650 _a Anthropology
650 _a Ethnology. Social and cultural anthropology
650 _aGeography. Anthropology. Recreation
856 _uhttps://doaj.org/toc/644aa5bd72af4540a61bf56a91c5d736
942 _2ddc
942 _cDOAJEJ
999 _c68750
_d68750
945 _a1
_bMadushi Gamage
_c1
_dMadushi Gamage